=LDR 00000nam 2200000 4500 =001 INLIS000000000004414 =005 20130612092659 =008 ***********************************Ind** =035 ##$$0010-061300000004414 =041 ##$$a Ind =082 ##$$a 028.5 =090 ##$$a 028.5, Beg b =100 ##$$a BEGGIO, Valentine =245 ##$$a Bagaimana pohon karet menyebar? / oleh Valentine Beggio; Alih Bahasa, Esther S. Mandjani. -- =260 ##$$a 1996 $b Jakarta : Alice Saputra Communication =300 ##$$a 30 hlm. : ilus. ; 20 cm =650 ##$$a Bacaan Kanak-Kanak =700 ##$$a MANJANI, Esther S =850 ##$$a NBPNMAT